MARC

LEADER 00000nam0a2200000 4500
001 56074
005 20231031053108.0
035 |a (RuTPU)RU\TPU\book\58865 
090 |a 56074 
100 |a 20030924d1968 km y0rusy50 ca 
101 0 |a rus 
102 |a RU 
105 |a a z 001zy 
200 1 |a Полупроводниковые диоды: параметры, методы измерений  |f под ред. Н. Н. Горюнова, Ю. Р. Носова 
210 |a Москва  |c Советское радио  |d 1968 
215 |a 304 с.  |c ил. 
225 1 |a Радиоэлектронные схемы на полупроводниковых приборах. Проектирование и расчет 
320 |a Библиогр. в конце глав. 
610 1 |a полупроводниковые диоды 
610 1 |a параметры 
610 1 |a методы измерения 
610 1 |a электронно-дырочные переходы 
610 1 |a шумы 
610 1 |a выпрямительные диоды 
610 1 |a стабилитроны 
610 1 |a варикапы 
610 1 |a тиристоры 
610 1 |a СВЧ-диоды 
610 1 |a схемы 
675 |a 621.315.59.1  |v 3 
702 1 |a Горюнов  |b Н. Н.  |g Николай Николаевич  |4 340 
702 1 |a Носов  |b Ю. Р.  |4 340 
801 1 |a RU  |b 63413507  |c 20030924  |g PSBO 
801 2 |a RU  |b 63413507  |c 20221214  |g PSBO 
942 |c BK